00913 a2200217 4500003000500000005001700005010001600022020001500038040000900053082001700062245010500079260003600184300003700220440003300257505025300290650003500543650002700578650003600605650002400641700003000665Nust20221213093140.0 a 98006553 a089006895X cNust00a530.141, PAL00aIterative and self-adaptive finite-elements in electromagnetic modeling /cMagdalena Salazar-Palma . aBoston :bArtech House,cc1998. axxxvii, 770 p. :bill. ;c24 cm. 0aArtech House antenna library aIntroduction (Page-1), The finite Element Method (Page-25), Application of the finite element Method (Page-145), Self Adaptive (Page-247), Additional Examples (Page-291), Application Finite Elements (Page-337), Finite Element Analysis (Page-401).  0aElectromagnetismxMathematics. 0aFinite element method. 0aIterative methods (Mathematics) 0aNumerical analysis.2 aSalazar-Palma, Magdalena.